[Event "AUT-chT2M 2223"]
[Site "Austria"]
[Date "2023.04.15"]
[Round "11.4"]
[White "Markun, Bostjan"]
[Black "Stradner, Stefan"]
[Result "1/2-1/2"]
[WhiteElo "2267"]
[BlackElo "2096"]
[PlyCount "59"]
[EventDate "2022.09.30"]
[EventType "team-tourn"]
[EventRounds "11"]
[EventCountry "AUT"]
[SourceTitle "EXT 2024"]
[Source "ChessBase"]
[SourceDate "2023.10.10"]
[SourceVersion "1"]
[SourceVersionDate "2023.10.10"]
[SourceQuality "1"]
[WhiteTeam "Raika Feffernitz II"]
[BlackTeam "Fuerstenfeld/Hartberg"]
[WhiteTeamCountry "AUT"]
[BlackTeamCountry "AUT"]

1. e4 e6 2. d4 d5 3. Nc3 Nf6 4. e5 Nfd7 5. f4 c5 6. Nf3 Nc6 7. Be3 cxd4 8. Nxd4 Qb6 9. Qd2 Qxb2 10. Rb1 Qa3 11. Bb5 Nxd4 12. Bxd4 a6 13. Bxd7+ Bxd7 14. Rb3 Qe7 15. Rxb7 Qh4+ 16. Bf2 Qd8 17. 0-0 Qc8 18. Rb3 Rb8 19. Rxb8 Qxb8 20. Bd4 Be7 21. f5 Qc8 22. Rb1 Bc5 23. Bxc5 Qxc5+ 24. Kh1 0-0 25. f6 Rc8 26. Qg5 Qf8 27. Rb7 h6 28. Qg3 Bc6 29. Re7 g6 30. Ne2 1/2-1/2

[Event "AUT-chT2M 2223"]
[Site "Austria"]
[Date "2023.04.14"]
[Round "10.4"]
[White "Stradner, Stefan"]
[Black "Wisnet, Dominic"]
[Result "0-1"]
[WhiteElo "2096"]
[BlackElo "2312"]
[PlyCount "72"]
[EventDate "2022.09.30"]
[EventType "team-tourn"]
[EventRounds "11"]
[EventCountry "AUT"]
[SourceTitle "EXT 2024"]
[Source "ChessBase"]
[SourceDate "2023.10.10"]
[SourceVersion "1"]
[SourceVersionDate "2023.10.10"]
[SourceQuality "1"]
[WhiteTeam "Fuerstenfeld/Hartberg"]
[BlackTeam "Sauwald"]
[WhiteTeamCountry "AUT"]
[BlackTeamCountry "AUT"]

1. c4 Nf6 2. g3 c5 3. Bg2 g6 4. Nc3 Bg7 5. e4 Nc6 6. Nge2 d6 7. 0-0 Rb8 8. a4 a6 9. d3 0-0 10. h3 Ne8 11. f4 Nc7 12. Rb1 b5 13. Be3 Nd4 14. g4 Nxe2+ 15. Qxe2 bxa4 16. Nxa4 Ne6 17. Nc3 Nd4 18. Qf2 f5 19. gxf5 gxf5 20. Ne2 Nxe2+ 21. Qxe2 Rb3 22. Kh1 Kh8 23. Rfd1 Qb6 24. Rd2 a5 25. Qf2 a4 26. Ra1 Bd7 27. Ra2 Bc6 28. exf5 Rxf5 29. Be4 Bxe4+ 30. dxe4 Qc6 31. Qg2 Rf8 32. Ra3 Rb4 33. e5 Qxg2+ 34. Rxg2 Rxc4 35. exd6 exd6 36. b3 Rc3 0-1

[Event "AUT-chT2M 2223"]
[Site "Austria"]
[Date "2023.03.03"]
[Round "7.5"]
[White "Stradner, Stefan"]
[Black "Milanovic, Danilo"]
[Result "0-1"]
[WhiteElo "2096"]
[BlackElo "2403"]
[PlyCount "72"]
[EventDate "2022.09.30"]
[EventType "team-tourn"]
[EventRounds "11"]
[EventCountry "AUT"]
[SourceTitle "CBM 213 Extra"]
[Source "ChessBase"]
[SourceDate "2023.05.31"]
[SourceVersion "1"]
[SourceVersionDate "2023.05.31"]
[SourceQuality "1"]
[WhiteTeam "Fuerstenfeld/Hartberg"]
[BlackTeam "Pinggau Friedberg"]
[WhiteTeamCountry "AUT"]
[BlackTeamCountry "AUT"]

1. c4 e5 2. g3 Nc6 3. Bg2 Bc5 4. Nc3 a6 5. Nf3 d6 6. 0-0 Nge7 7. e3 0-0 8. d4 exd4 9. Nxd4 Nxd4 10. exd4 Ba7 11. b3 Rb8 12. Bb2 b5 13. cxb5 axb5 14. Re1 c6 15. d5 b4 16. Ne2 Nxd5 17. Bxd5 cxd5 18. Bd4 Bc5 19. Rc1 Qb6 20. Qd2 Ba6 21. Bxc5 dxc5 22. Qxd5 Rbc8 23. Nf4 Bb7 24. Qd3 Rfd8 25. Qf1 Qc6 26. f3 Rd2 27. Re4 Qd6 28. Re3 Qd4 29. Qe1 g5 30. Rc4 Qd8 31. Nh5 Kf8 32. Re8+ Qxe8 33. Qxd2 Qe5 34. Kf2 Bd5 35. Rc1 Qf5 36. Qb2 Qxf3+ 0-1

[Event "Innsbruck op 5th"]
[Site "Innsbruck"]
[Date "2021.08.22"]
[Round "2"]
[White "Stradner, Stefan"]
[Black "Weber, Ulrich"]
[Result "1/2-1/2"]
[WhiteElo "2143"]
[BlackElo "2365"]
[PlyCount "25"]
[EventDate "2021.08.21"]
[EventType "swiss"]
[EventRounds "9"]
[EventCountry "AUT"]
[SourceTitle "CBM 204 Extra"]
[Source "ChessBase"]
[SourceDate "2021.11.30"]
[SourceVersion "1"]
[SourceVersionDate "2021.11.30"]
[SourceQuality "1"]

1. d4 Nf6 2. Nc3 d5 3. Bf4 g6 4. e3 Bg7 5. Nb5 Na6 6. Nc3 0-0 7. Bxa6 bxa6 8. Be5 a5 9. Nge2 Ba6 10. Nf4 c6 11. Na4 Nd7 12. Bxg7 Kxg7 13. Nd3 1/2-1/2

[Event "AUT-chT2M 2021"]
[Site "Graz"]
[Date "2021.03.13"]
[Round "2.3"]
[White "Raber, Florian"]
[Black "Stradner, Stefan"]
[Result "1-0"]
[WhiteElo "2128"]
[BlackElo "2124"]
[PlyCount "93"]
[EventDate "2021.03.12"]
[EventType "team-tourn"]
[EventRounds "5"]
[EventCountry "AUT"]
[SourceTitle "CBM 201 Extra"]
[Source "ChessBase"]
[SourceDate "2021.05.31"]
[SourceVersion "1"]
[SourceVersionDate "2021.05.31"]
[SourceQuality "1"]
[WhiteTeam "Steyregg"]
[BlackTeam "Fuerstenfeld/Hartberg"]
[WhiteTeamCountry "AUT"]
[BlackTeamCountry "AUT"]

1. d4 Nf6 2. c4 c5 3. d5 b5 4. cxb5 a6 5. b6 d6 6. Nc3 Nbd7 7. e4 Rb8 8. Nf3 g6 9. Be2 Bg7 10. 0-0 Rxb6 11. Nd2 0-0 12. a4 Rb4 13. a5 e6 14. dxe6 fxe6 15. Nc4 Ne5 16. Nxe5 dxe5 17. Qc2 Bb7 18. f3 Qc7 19. Be3 Rb8 20. Na2 Bxe4 21. fxe4 Rxb2 22. Qc4 Nxe4 23. Qxe4 Rxe2 24. Nc3 Reb2 25. Rab1 Rxb1 26. Rxb1 Rxb1+ 27. Qxb1 Qxa5 28. Qb8+ Kf7 29. Qa7+ Kg8 30. Qb8+ Kf7 31. Qa7+ Kg8 32. Qxc5 Qa1+ 33. Kf2 Qb2+ 34. Kf3 Qb7+ 35. Ne4 Qf7+ 36. Ke2 Qf5 37. Qc8+ Bf8 38. Ng5 Qg4+ 39. Kf2 Qf5+ 40. Kg3 a5 41. Nxe6 h5 42. Qxf8+ Qxf8 43. Nxf8 Kxf8 44. Kf3 Kf7 45. Ke4 Ke6 46. Bd2 a4 47. Bc3 1-0

[Event "AUT-chT2M 1920"]
[Site "Austria"]
[Date "2019.10.13"]
[Round "3.6"]
[White "Schieder, Andreas"]
[Black "Stradner, Stefan"]
[Result "1-0"]
[WhiteElo "2188"]
[BlackElo "2125"]
[PlyCount "55"]
[EventDate "2019.10.11"]
[EventType "team-tourn"]
[EventRounds "11"]
[EventCountry "AUT"]
[SourceTitle "CBM 192 Extra"]
[Source "Chessbase"]
[SourceDate "2019.11.06"]
[SourceVersion "1"]
[SourceVersionDate "2019.11.06"]
[SourceQuality "1"]
[WhiteTeam "Pinggau Friedberg"]
[BlackTeam "Fuerstenfeld/Hartberg II"]
[WhiteTeamCountry "AUT"]
[BlackTeamCountry "AUT"]

1. e4 e6 2. d4 d5 3. Nc3 Nf6 4. Bg5 dxe4 5. Nxe4 Be7 6. Bxf6 gxf6 7. c3 a6 8. Qh5 f5 9. Nd2 Nd7 10. Bc4 Nf6 11. Qf3 Rb8 12. Bb3 b5 13. Ne2 Bb7 14. Qh3 Rg8 15. Rg1 Qd6 16. Nf3 Be4 17. Ne5 c5 18. f3 cxd4 19. fxe4 Qxe5 20. exf5 dxc3 21. fxe6 fxe6 22. bxc3 Rg4 23. Bc2 h5 24. Rd1 Rc8 25. Rf1 Rxc3 26. Bg6+ Kf8 27. Qxh5 Re3 28. Qh8# 1-0

[Event "Steyr Landesliga 1718"]
[Site "Austria"]
[Date "2018.03.10"]
[Round "9.5"]
[White "Stradner, Stefan"]
[Black "Elpons, Walter"]
[Result "1/2-1/2"]
[WhiteElo "2188"]
[BlackElo "1977"]
[PlyCount "57"]
[EventDate "2017.09.30"]
[EventType "team-tourn"]
[EventRounds "11"]
[EventCountry "AUT"]
[SourceTitle "EXT 2019"]
[Source "ChessBase"]
[SourceDate "2018.10.10"]
[SourceVersion "1"]
[SourceVersionDate "2018.10.10"]
[SourceQuality "1"]
[WhiteTeam "Fuerstenfeld/Hartberg II"]
[BlackTeam "Graz Schachgesellschaft"]
[WhiteTeamCountry "AUT"]
[BlackTeamCountry "AUT"]

1. e4 e5 2. Nf3 Nf6 3. d3 Nc6 4. Be2 d5 5. Nbd2 dxe4 6. dxe4 Bc5 7. c3 0-0 8. 0-0 a5 9. a4 Qe7 10. Qc2 h6 11. h3 Rd8 12. Re1 Be6 13. Nf1 Nh5 14. Be3 Nf4 15. Bxc5 Qxc5 16. Ne3 Nxe2+ 17. Qxe2 Rd7 18. Red1 Rad8 19. Rxd7 Rxd7 20. Rd1 Rxd1+ 21. Qxd1 Qb6 22. Qe2 Qb3 23. Qb5 f6 24. Qxb3 Bxb3 25. Nd5 Bxa4 26. Nxc7 b5 27. Nd2 b4 28. cxb4 Nxb4 29. Nc4 1/2-1/2

[Event "Steyr Landesliga 1718"]
[Site "Austria"]
[Date "2017.11.18"]
[Round "5.4"]
[White "Vrban, Damir"]
[Black "Stradner, Stefan"]
[Result "1/2-1/2"]
[WhiteElo "2141"]
[BlackElo "2188"]
[PlyCount "30"]
[EventDate "2017.09.30"]
[EventType "team-tourn"]
[EventRounds "11"]
[EventCountry "AUT"]
[SourceTitle "EXT 2019"]
[Source "ChessBase"]
[SourceDate "2018.10.10"]
[SourceVersion "1"]
[SourceVersionDate "2018.10.10"]
[SourceQuality "1"]
[WhiteTeam "Gamlitz"]
[BlackTeam "Fuerstenfeld/Hartberg II"]
[WhiteTeamCountry "AUT"]
[BlackTeamCountry "AUT"]

1. g3 f5 2. Bg2 Nf6 3. f4 e6 4. b3 d5 5. Bb2 Bd6 6. Nf3 b6 7. 0-0 0-0 8. e3 Qe7 9. Nc3 c6 10. Qe2 a5 11. a4 Ba6 12. d3 Nbd7 13. Nd4 Rac8 14. h3 Ne4 15. Nxe4 fxe4 1/2-1/2

[Event "Steyr Landesliga 1718"]
[Site "Austria"]
[Date "2017.10.21"]
[Round "3.5"]
[White "Stradner, Stefan"]
[Black "Polansek, Justin"]
[Result "1-0"]
[WhiteElo "2188"]
[BlackElo "2054"]
[PlyCount "65"]
[EventDate "2017.09.30"]
[EventType "team-tourn"]
[EventRounds "11"]
[EventCountry "AUT"]
[SourceTitle "CBM 181 Extra"]
[Source "ChessBase"]
[SourceDate "2017.12.12"]
[SourceVersion "1"]
[SourceVersionDate "2017.12.12"]
[SourceQuality "1"]
[WhiteTeam "Fuerstenfeld/Hartberg II"]
[BlackTeam "Leibnitz"]
[WhiteTeamCountry "AUT"]
[BlackTeamCountry "AUT"]

1. d4 g6 2. Bf4 Bg7 3. Nc3 d6 4. Nf3 Nd7 5. e4 e5 6. dxe5 dxe5 7. Bg5 Bf6 8. Qd2 c6 9. 0-0-0 Bxg5 10. Nxg5 h6 11. Nf3 Qe7 12. Bc4 b5 13. Bb3 a5 14. a4 b4 15. Ne2 Ngf6 16. Ng3 Kf8 17. Qd6 Ra6 18. Bc4 Qxd6 19. Rxd6 Ke7 20. Rhd1 Rb6 21. h3 Ne8 22. R6d2 Ng7 23. Bxf7 Kxf7 24. Rxd7+ Bxd7 25. Nxe5+ Ke6 26. Nxd7 Rbb8 27. Nxb8 Rxb8 28. b3 Ne8 29. f3 Nf6 30. Nf1 Ke5 31. Ne3 Kf4 32. Nc4 Kg3 33. Rd6 1-0

[Event "AUT-chT2M 1617"]
[Site "Austria"]
[Date "2017.03.25"]
[Round "10.2"]
[White "Singer, Christoph"]
[Black "Stradner, Stefan"]
[Result "1-0"]
[WhiteElo "2254"]
[BlackElo "2204"]
[PlyCount "81"]
[EventDate "2016.10.07"]
[EventType "team-tourn"]
[EventRounds "11"]
[EventCountry "AUT"]
[SourceTitle "CBM 177 Extra"]
[Source "ChessBase"]
[SourceDate "2017.04.27"]
[SourceVersion "1"]
[SourceVersionDate "2017.04.27"]
[SourceQuality "1"]
[WhiteTeam "Grieskirchen/Schallerbach"]
[BlackTeam "Fuerstenfeld/Hartberg"]
[WhiteTeamCountry "AUT"]
[BlackTeamCountry "AUT"]

1. e4 e6 2. d4 d5 3. Nd2 Be7 4. c3 c5 5. dxc5 Bxc5 6. Bd3 Nc6 7. Ngf3 Nf6 8. Qe2 h6 9. 0-0 Qc7 10. e5 Nd7 11. Nb3 Bf8 12. Bf4 g5 13. Bg3 Bg7 14. Rae1 a6 15. Nbd4 Nf8 16. h4 Qe7 17. h5 Nd7 18. Nxc6 bxc6 19. Nh2 a5 20. Qf3 Nc5 21. Be2 Ne4 22. Rd1 Ba6 23. Bxa6 Rxa6 24. Ng4 0-0 25. Rfe1 Nxg3 26. Qxg3 Rb8 27. Nf6+ Kf8 28. f4 gxf4 29. Qxf4 Rxb2 30. Kh1 Rab6 31. Re3 Rb1 32. Rxb1 Rxb1+ 33. Kh2 Rb7 34. Rg3 Bxf6 35. exf6 Qc7 36. Qg4 Ke8 37. Qg8+ Kd7 38. Qxf7+ Kd6 39. Qf8+ Ke5 40. f7 Qxf7 41. Re3+ 1-0

[Event "AUT-chT2M 1617"]
[Site "Austria"]
[Date "2017.01.28"]
[Round "7.5"]
[White "Stradner, Stefan"]
[Black "Heindl, Matthias"]
[Result "0-1"]
[WhiteElo "2204"]
[BlackElo "2051"]
[PlyCount "92"]
[EventDate "2016.10.07"]
[EventType "team-tourn"]
[EventRounds "11"]
[EventCountry "AUT"]
[SourceTitle "CBM 177 Extra"]
[Source "ChessBase"]
[SourceDate "2017.04.27"]
[SourceVersion "1"]
[SourceVersionDate "2017.04.27"]
[SourceQuality "1"]
[WhiteTeam "Fuerstenfeld/Hartberg"]
[BlackTeam "Wolfsberg"]
[WhiteTeamCountry "AUT"]
[BlackTeamCountry "AUT"]

1. Nf3 Nf6 2. c4 g6 3. g3 Bg7 4. Bg2 0-0 5. 0-0 d5 6. cxd5 Nxd5 7. Nc3 Nb6 8. d3 Nc6 9. Bd2 Bd7 10. Rb1 a5 11. Ne4 Nb4 12. a3 N4d5 13. Nc5 Bc6 14. e4 Nf6 15. Ne5 Qd6 16. Nxc6 Qxc6 17. Rc1 Nfd7 18. b4 Bb2 19. Nxd7 Qxd7 20. Rb1 Bxa3 21. bxa5 Nc8 22. Rxb7 e5 23. Rb3 Bc5 24. Qc2 Bd4 25. Kh1 Na7 26. Rc1 c5 27. Rcb1 Nc6 28. Qa2 Ra7 29. Bh6 Rfa8 30. Qd2 Nb4 31. Qg5 Qd8 32. Qc1 Bxf2 33. Qc4 Rxa5 34. Rf1 Qd4 35. Qxd4 Bxd4 36. Bd2 Ra2 37. Bxb4 cxb4 38. Rxb4 R8a7 39. h4 Rd2 40. h5 Raa2 41. h6 f5 42. Rb8+ Kf7 43. exf5 Rxg2 44. fxg6+ Ke6 45. Re8+ Kd7 46. gxh7 Rh2# 0-1

[Event "Steyr Landesliga 1617"]
[Site "Austria"]
[Date "2016.11.05"]
[Round "4.3"]
[White "Ofner, Maximilian"]
[Black "Stradner, Stefan"]
[Result "1/2-1/2"]
[WhiteElo "2189"]
[BlackElo "2206"]
[PlyCount "85"]
[EventDate "2016.10.01"]
[EventType "team-tourn"]
[EventRounds "11"]
[EventCountry "AUT"]
[SourceTitle "EXT 2018"]
[Source "ChessBase"]
[SourceDate "2017.10.13"]
[SourceVersion "1"]
[SourceVersionDate "2017.10.13"]
[SourceQuality "1"]
[WhiteTeam "Gleisdorf"]
[BlackTeam "Fuerstenfeld/Hartberg"]
[WhiteTeamCountry "AUT"]
[BlackTeamCountry "AUT"]

1. e4 e6 2. d4 d5 3. e5 c5 4. c3 Nc6 5. Nf3 Bd7 6. Be2 Nge7 7. 0-0 Ng6 8. Re1 Be7 9. g3 0-0 10. h4 cxd4 11. cxd4 f6 12. h5 Nh8 13. Nc3 Nf7 14. Bf1 fxe5 15. dxe5 Bc5 16. Be3 Bxe3 17. Rxe3 Nh6 18. Bh3 Ne7 19. Nd4 Nhf5 20. Nxf5 Nxf5 21. Rf3 Ne7 22. Rxf8+ Qxf8 23. Ne2 Nc6 24. Nf4 Re8 25. Nxd5 Nxe5 26. Nf4 Bc6 27. Bg2 Bxg2 28. Kxg2 Qf5 29. Qa4 Nc6 30. Qb3 Qe4+ 31. Qf3 Qxf3+ 32. Kxf3 e5 33. Nd5 e4+ 34. Kg2 Re5 35. Rd1 Rxh5 36. Nc3 e3 37. fxe3 Re5 38. e4 Re7 39. Kf3 Ne5+ 40. Kf4 Nc6 41. Rd6 Rf7+ 42. Ke3 Rf6 43. Rd7 1/2-1/2

[Event "AUT-chT2M 1516"]
[Site "Austria"]
[Date "2016.04.17"]
[Round "11.6"]
[White "Stradner, Stefan"]
[Black "Toefferl, Heimo"]
[Result "1-0"]
[WhiteElo "2173"]
[BlackElo "2073"]
[PlyCount "91"]
[EventDate "2015.10.02"]
[EventType "team-tourn"]
[EventRounds "11"]
[EventCountry "AUT"]
[SourceTitle "EXT 2017"]
[Source "ChessBase"]
[SourceDate "2016.10.25"]
[SourceVersion "1"]
[SourceVersionDate "2016.10.25"]
[SourceQuality "1"]
[WhiteTeam "Fuerstenfeld/Hartberg"]
[BlackTeam "Wolfsberg"]
[WhiteTeamCountry "AUT"]
[BlackTeamCountry "AUT"]

1. c4 e6 2. Nc3 d5 3. d4 f5 4. g4 c6 5. gxf5 exf5 6. cxd5 cxd5 7. Nh3 Nc6 8. Nf4 Nf6 9. Rg1 a6 10. e3 g6 11. a3 Bd6 12. Nfxd5 Nxd5 13. Nxd5 Bxh2 14. Rh1 Bd6 15. Qf3 Be6 16. Nf4 Bf7 17. Bd2 Qe7 18. Be2 Rc8 19. Rc1 0-0 20. Nd5 Qe6 21. Nb6 Nxd4 22. exd4 Rxc1+ 23. Bxc1 Re8 24. Kf1 Bc7 25. Na4 Qd7 26. Nc3 Qxd4 27. Be3 Qe5 28. Rh4 Ba5 29. Bd4 Qc7 30. Rxh7 Kf8 31. Rh8+ Ke7 32. Rxe8+ Kxe8 33. Qe3+ Qe7 34. Qxe7+ Kxe7 35. Bf3 Bxc3 36. Bxc3 b6 37. Bd4 b5 38. Bb7 a5 39. Bc3 a4 40. Ke2 g5 41. Bc8 Bg6 42. Ke3 f4+ 43. Kd4 Kd6 44. Bb4+ Kc7 45. Bg4 Kd8 46. Ke5 1-0

[Event "AUT-chT2M 1516"]
[Site "Austria"]
[Date "2016.04.16"]
[Round "10.5"]
[White "Rieger, Robert"]
[Black "Stradner, Stefan"]
[Result "0-1"]
[WhiteElo "2311"]
[BlackElo "2173"]
[PlyCount "74"]
[EventDate "2015.10.02"]
[EventType "team-tourn"]
[EventRounds "11"]
[EventCountry "AUT"]
[SourceTitle "EXT 2017"]
[Source "ChessBase"]
[SourceDate "2016.10.25"]
[SourceVersion "1"]
[SourceVersionDate "2016.10.25"]
[SourceQuality "1"]
[WhiteTeam "Maria Saal II"]
[BlackTeam "Fuerstenfeld/Hartberg"]
[WhiteTeamCountry "AUT"]
[BlackTeamCountry "AUT"]

1. Nf3 Nf6 2. g3 g6 3. b3 Bg7 4. Bb2 d6 5. d4 c5 6. Bg2 Nc6 7. 0-0 0-0 8. d5 Na5 9. c4 a6 10. Nbd2 b5 11. e4 Rb8 12. Bc3 e5 13. Qc2 Bg4 14. Qd3 Ne8 15. Ne1 f5 16. f3 fxe4 17. Nxe4 Bd7 18. Bd2 bxc4 19. bxc4 Rb2 20. Nc2 Ba4 21. Na3 Rb8 22. Rab1 Nb7 23. Rb2 Nf6 24. Rfb1 Nxe4 25. fxe4 Rf7 26. Nc2 Qf6 27. Be3 Rc7 28. Rb6 Qf8 29. Rxa6 Ra8 30. Rab6 Nd8 31. Bh3 Bh6 32. R1b2 Bxc2 33. Rxc2 Qf3 34. Rb3 Rb7 35. Qe2 Bxe3+ 36. Rxe3 Rb1+ 37. Bf1 Rxf1+ 0-1

[Event "AUT-chT2M 1415"]
[Site "Austria"]
[Date "2015.04.19"]
[Round "11.5"]
[White "Hellmayr, Alois"]
[Black "Stradner, Stefan"]
[Result "1-0"]
[WhiteElo "2205"]
[BlackElo "2163"]
[PlyCount "105"]
[EventDate "2014.10.03"]
[EventType "team-tourn"]
[EventRounds "11"]
[EventCountry "AUT"]
[SourceTitle "EXT 2016"]
[Source "ChessBase"]
[SourceDate "2015.10.08"]
[SourceVersion "1"]
[SourceVersionDate "2015.10.08"]
[SourceQuality "1"]
[WhiteTeam "Sauwald"]
[BlackTeam "Fuerstenfeld/Hartberg"]
[WhiteTeamCountry "AUT"]
[BlackTeamCountry "AUT"]

1. Nf3 Nf6 2. g3 g6 3. Bg2 Bg7 4. d4 0-0 5. 0-0 d6 6. a4 Nbd7 7. Nc3 c5 8. d5 Nb6 9. e4 e5 10. Nd2 Bd7 11. Qe2 Nh5 12. a5 Nc8 13. Nc4 Rb8 14. Bf3 Nf6 15. Bg2 Nh5 16. Bd2 Qe8 17. f4 b5 18. axb6 axb6 19. f5 b5 20. Ne3 b4 21. Ncd1 Bb5 22. Nc4 Bxc4 23. Qxc4 Nf6 24. Qe2 Qb5 25. Qxb5 Rxb5 26. b3 Ne8 27. g4 f6 28. Nb2 g5 29. Ra2 Nc7 30. Rfa1 Rb8 31. Bf1 Rf7 32. Kf2 Bf8 33. Be2 Nb6 34. Nc4 Nxc4 35. Bxc4 Nb5 36. Bxb5 Rxb5 37. h4 h6 38. h5 Rfb7 39. Ke2 Kf7 40. Kd3 Rc7 41. Kc4 Rbb7 42. Ra8 Kg7 43. Be3 Be7 44. R8a6 Rd7 45. Bd2 Rbc7 46. c3 bxc3 47. Bxc3 Rb7 48. Ba5 Bf8 49. Bb6 Be7 50. Ra7 Kf7 51. Kb5 Rxa7 52. Rxa7 Ke8 53. Ra8+ 1-0

[Event "AUT-chT2M 1415"]
[Site "Austria"]
[Date "2015.03.01"]
[Round "8.5"]
[White "Stradner, Stefan"]
[Black "Wertjanz, David"]
[Result "0-1"]
[WhiteElo "2163"]
[BlackElo "2276"]
[PlyCount "106"]
[EventDate "2014.10.03"]
[EventType "team-tourn"]
[EventRounds "11"]
[EventCountry "AUT"]
[SourceTitle "EXT 2016"]
[Source "ChessBase"]
[SourceDate "2015.10.08"]
[SourceVersion "1"]
[SourceVersionDate "2015.10.08"]
[SourceQuality "1"]
[WhiteTeam "Fuerstenfeld/Hartberg"]
[BlackTeam "Die Klagenfurter"]
[WhiteTeamCountry "AUT"]
[BlackTeamCountry "AUT"]

1. e4 c5 2. c3 d6 3. Nf3 Nf6 4. Be2 Nbd7 5. d3 e6 6. 0-0 Be7 7. h3 0-0 8. a4 c4 9. Nbd2 cxd3 10. Bxd3 Ne5 11. Nxe5 dxe5 12. Qe2 Qc7 13. Nc4 Rd8 14. Na3 Bd7 15. Nb5 Bxb5 16. axb5 Nd7 17. Be3 b6 18. Bc2 h6 19. Ra2 Bg5 20. Bxg5 hxg5 21. Rfa1 Nf6 22. Ra4 Rd7 23. Qe3 g4 24. h4 Qd8 25. Bb3 Rd2 26. Bd5 exd5 27. Qxd2 Nxe4 28. Rxe4 dxe4 29. Qxd8+ Rxd8 30. Rxa7 Rd1+ 31. Kh2 Rd2 32. Kg3 Rxb2 33. Re7 Rxb5 34. Kxg4 Rb2 35. Rxe5 Rxf2 36. Kg3 Rc2 37. Rxe4 Rxc3+ 38. Kf4 Kf8 39. Rb4 Rc6 40. h5 Ke7 41. Kf3 Ke6 42. g4 f6 43. Re4+ Kd7 44. Kf4 b5 45. Kf5 Rc4 46. Re1 b4 47. Rd1+ Kc7 48. Re1 b3 49. Re7+ Kc6 50. Rxg7 b2 51. Rg6 b1Q+ 52. Kxf6 Kd5 53. Rg5+ Ke4 0-1

[Event "AUT-chT2M 1415"]
[Site "Austria"]
[Date "2015.02.28"]
[Round "7.6"]
[White "Stradner, Stefan"]
[Black "Konrad, Edmund"]
[Result "0-1"]
[WhiteElo "2163"]
[BlackElo "2191"]
[PlyCount "62"]
[EventDate "2014.10.03"]
[EventType "team-tourn"]
[EventRounds "11"]
[EventCountry "AUT"]
[SourceTitle "EXT 2016"]
[Source "ChessBase"]
[SourceDate "2015.10.08"]
[SourceVersion "1"]
[SourceVersionDate "2015.10.08"]
[SourceQuality "1"]
[WhiteTeam "Fuerstenfeld/Hartberg"]
[BlackTeam "Hartkirchen"]
[WhiteTeamCountry "AUT"]
[BlackTeamCountry "AUT"]

1. Nf3 d5 2. g3 Nc6 3. c4 Nf6 4. d4 Bf5 5. Bg2 e6 6. a3 Be7 7. 0-0 0-0 8. cxd5 exd5 9. Nc3 Ne4 10. e3 Na5 11. Nxe4 Bxe4 12. Ne1 Bxg2 13. Kxg2 Nc4 14. Nd3 c6 15. b3 Nd6 16. Bb2 Bf6 17. Rc1 Re8 18. Ne5 Ne4 19. b4 Nd6 20. Nf3 Nc4 21. Qc2 Rxe3 22. Ne5 Bxe5 23. dxe5 Re4 24. Rfe1 Rxe1 25. Rxe1 Qd7 26. Bc1 Re8 27. Qc3 Qe6 28. Kf1 Qf5 29. Kg2 Rxe5 30. Bf4 Rxe1 31. Qxe1 Qe4+ 0-1